{"text_format":"1","workbook":"xlsx","n_sheets":1,"sheets":["Global"],"not_rendered":{"charts":0,"images":0,"macros":0,"external_links":0,"defined_names":1,"comments":0,"pivot_tables":0},"unopened":[],"bounds":{"document_bytes":16777216,"sheet_cells":100000,"rows_first":2000,"rows_last":500,"rows_between":2000,"halvings":0,"cell_chars":16384,"cell_head_chars":4096},"cells_cut":0,"cells_raw":0,"read":"whole","date_system":"1900"}

{"sheet":"Global","index":0,"n_rows":54,"n_cols":9,"rows_kept":54,"cut":false,"hidden":false,"merged":[[5,2,5,3],[6,2,6,3],[8,0,9,0],[0,0,1,8],[6,6,6,7],[41,0,41,2],[40,0,40,2],[39,0,39,2],[35,7,35,8],[3,2,3,3]]}
["ORÇAMENTO GLOBAL"]
[]
[]
["MUNICÍPIO:",null,"PALMITOS / SC"]
["PROJETO:",null,"ADEQUAÇÕES E REFORMA DO TERMINAL RODOVIÁRIO ATILIO BRIDI"]
["LOCAL:",null,"RUA LAURO MÜLLER"]
["ÁREA:",null,"23,88 m²",null,null,null,23]
[]
["Item","Código","Custo R$","Discriminação","Quant.","Un","Custo ","Valor total","Total "]
[null,"SINAPI","SINAPI",null," "," ","   (R$)","   (R$)","  (R$)"]
[]
[1,null,null,"FUNDAÇÃO EM SAPATAS"]
[]
["1.1","83338 S.",2.2200000000000002,"Escavação mecânica a céu aberto com escavadeira hidráulica",6.72,"m³",{"$f":"ROUND((($G$7/100)+1)*C14,2)","v":2.73},{"$f":"E14*G14","v":18.350000000000001}]
["1.2","93361 S.",11.55,"Reaterro mecanizado de vala com compactação",5.38,"m³",14.21,76.45]
["1.3","74078/001 S.",28.22,"Agulhamento de fundo de valas c/ maco 30 Kg - pedra de mão H = 10 cm",4.4800000000000004,"m²",34.71,155.5]
["1.4","95241 S.",20.03,"Lastro de concreto, espessura 5 cm, preparo mecânico, inclusos - Lançamento e Adensamento",4.4800000000000004,"m²",24.64,110.39]
["1.5","92720 S.",278,"Concretagem, fck 25 Mpa, com uso de bomba em edificações - Lançamento, Adensamento e Acabamento",1.34,"m³",341.94,{"$f":"E18*G18","v":458.2}]
["1.6","92803 S.",4.3099999999999996,"Corte e dobra de aço CA-50, diâmetro de 10.0 mm",66,"Kg",5.3,349.8]
[]
[" "," "," ","Total do item........................................................................................................................................................",null,null,null,null,{"$f":"ROUND(SUM(H14:H19),2)","v":1168.69}]
[2,null,null,"SUPERESTRUTURA EM CONCRETO ARMADO"," "," "," "," "," "]
[]
["2.1","92720 S.",278,"Concretagem, fck 25 Mpa, com uso de bomba em edificações - Lançamento, Adensamento e Acabamento - Pilares; Vigas; Lajes",5.2,"m³",{"$f":"ROUND((($G$7/100)+1)*C24,2)","v":341.94},{"$f":"E24*G24","v":1778.09}]
["2.2","92270 S.",49,"Fabricação de formas para vigas, em chapa de madeira serrada     E = 25 mm",42,"m²",{"$f":"ROUND((($G$7/100)+1)*C25,2)","v":60.27},{"$f":"E25*G25","v":2531.34}]
["2.3","92269 S.",59,"Fabricação de formas para pilares, em chapa de madeira serrada E = 25 mm",37,"m²",{"$f":"ROUND((($G$7/100)+1)*C26,2)","v":72.569999999999993},{"$f":"E26*G26","v":2685.09}]
["2.4","92271 S.",37,"Fabricação de formas para lajes, em chapa de madeira serrada E = 25 mm",8,"m²",{"$f":"ROUND((($G$7/100)+1)*C27,2)","v":45.51},{"$f":"E27*G27","v":364.08}]
["2.5","92800 S.",4.96,"Corte e dobra de aço CA-60, diâmetro de 5.0 mm",95,"Kg",6.1,579.5]
["2.6","92801 S.",4.7300000000000004,"Corte e dobra de aço CA-50, diâmetro de 6.3 mm",7,"Kg",5.82,{"$f":"E29*G29","v":40.74}]
["2.7","92802 S.",5.16,"Corte e dobra de aço CA-50, diâmetro de 8.0 mm",48,"Kg",6.35,304.8]
["2.8","92803 S.",4.3099999999999996,"Corte e dobra de aço CA-50, diâmetro de 10.0 mm",305,"Kg",5.3,1616.5]
["2.9","92804 S.",4.04,"Corte e dobra de aço CA-50, diâmetro de 12.5 mm",24,"Kg",4.97,{"$f":"E32*G32","v":119.28}]
[]
[null,null,null,"Total do item........................................................................................................................................................",null,null,null,null,{"$f":"SUM(H24:H32)","v":10019.42}]
[]
[null,null,null,"TOTAL GERAL DA OBRA.............................................................................................................................................................",null,null,null,{"$f":"SUM(I21:I34)","v":11188.11}]
[null,null,null,null," "," "]
["MARAVILHA (SC), 20 de SETEMBRO de 2018."]
[]
["S = Tabela SINAPI (Sintética)"]
["I = Tabela SINAPI (Insumos)"]
["D = Tabela DNIT"]
[]
[null,null,null," "]
[]
[null,null,null,"____________________________________________________________________",null,null," "]
[null,null,null,"Rafael Cassol Basso"]
[null,null,null,"Engenheiro Civil - Amerios   -   CREA/SC 112.213-2"]
[]
["Observações:",null,null,null,null,null,null,null," "]
[" - O valor do material e mão de obra foi obtida através da tabela do SINAPI - Julho/2018 - Com Desoneração"]
[" - CUB de referência: Setembro/2018 = ",null,null,1817.09]
[" - Custo total da obra = ",null,null,{"$f":"H36/D52","v":6.16}]
[" - O BDI considerado foi de",null,null,{"$f":"G7","v":23}]